| 000 | 00416nam a2200133Ia 4500 | ||
|---|---|---|---|
| 008 | 201002s9999 xx 000 0 und d | ||
| 020 | _a978-043-118-598-9 | ||
| 100 | _aBallard, Carol | ||
| 245 |
_cCarol Ballard _aFrom cowpox to antibiotics: _bdiscovering vaccines and medicines/ |
||
| 260 |
_aOxford: _bHarcourt Education Ltd. _c2006 |
||
| 300 |
_a64 pages _c22 cm. |
||
| 650 | _aAntibiotics | ||
| 650 | _aVaccinations | ||
| 999 |
_c364570 _d364570 |
||